| 000 | 00487nam a2200181Ia 4500 | ||
|---|---|---|---|
| 003 | GCL | ||
| 008 | 140319s9999 xx 000 0 eng d | ||
| 040 |
_aGCL / _cGCL |
||
| 082 | 0 | 4 |
_a515.63 _bA V |
| 100 | 1 | _aHAZRA, MD. ABDUL KHALEQ | |
| 245 | 1 | 0 |
_aVECTOR ANALYSIS WITH APPLICATIONS / _cHAZRA, MD. ABDUL KHALEQ |
| 700 | 1 | _aASHRAF, MD. ALI | |
| 260 |
_a[S.N] : _bWILEY EASTERN LIMITED ، _c1992 |
||
| 300 | _a308 P | ||
| 650 | 0 | 4 | _aMATHEMATICS |
| 650 | 0 | 4 | _aGEOMETRY |
| 942 |
_2ddc _cBK |
||
| 999 |
_c20523 _d20523 |
||